JT Baysinger

N/A


Categories

History - World1600754688.1401
History - Cross, Historiography, and Miscellaneous0600607199.8300
History - European04004099111.7500
Science - Biology030030106108.3300
Fine Arts - Painting020020118118.5000
Other - Other Academic and General Knowledge020020100105.0000
Fine Arts - Miscellaneous02002089106.0000
Science - Computer Science0200208196.5000
RMP - Islam020020109115.5000
Current Events - U.S.1000154444.0001
Geography - Europe1000151616.0001
RMP - Christian Practice1000155757.0000
Social Science - Economics010010112112.0000
Geography - World0100109090.0000
History - American0100108282.0000
Literature - World and Miscellaneous010010127127.0000
RMP - East Asian Religion010010130130.0000
RMP - Jewish Practice010010109109.0000
RMP - Other Religion010010107107.0000
RMP - Philosophy010010118118.0000
RMP - World Mythology010010118118.0000
Science - Chemistry010010112112.0000
Science - Engineering and Miscellaneous0100109595.0000
Literature - European000000.0000
Science - Physics000000.0000
RMP - Hinduism000000.0000

Buzzes

Geography - Europestones2016
Current Events - U.S.Tennessee2044
History - WorldParaguay2046
RMP - Christian PracticeChurch of Jesus Christ of Latter Day Saints missions2057
History - WorldAztec soldiers1061
History - Cross, Historiography, and Miscellaneouswheat1071
RMP - Hinduismahimsa076
History - WorldIstanbul1077
History - Cross, Historiography, and MiscellaneousAfrican railroad079
Science - Computer Sciencepasswords1081